000 00639nam a2200241Ia 4500
001 32194
005 20240114001556.0
007 ta
008 060822s1368 g b000 u 346 u
040 _aCotton College,Assam
041 _a346
082 _a891.4409
_bM 896 R
100 _aMukhopadhya, Arun Kr..
245 0 _aRabindra Manisha /
_cArun Kr. Mukhopadhya.
_hTextual Documents
250 _a1st ed. /
260 _aCalcutta :
_bClassic Press ,
_c1368.
300 _a164p. ;
_c22cm.
653 _aBengali Literature-Criticism
653 _aG-Bengali
942 _2ddc
_cBK
999 _c32176
_d32176